[Event "Staunton Memorial 5"]
[Site "London"]
[Date "2007.08.11"]
[Round "5"]
[White "Adams, Michael"]
[Black "Houska, Jovanka"]
[Result "1-0"]
[WhiteElo "2724"]
[BlackElo "2401"]
[Annotator "JvR"]
[PlyCount "65"]
[EventDate "2007.08.07"]
[SourceDate "1999.07.01"]

1. e4 c6 2. c4 d5 3. exd5 Nf6 4. Nc3 cxd5 5. cxd5 Nxd5 6. Nf3 e6 7. d4 Nxc3 8.
bxc3 Qc7 9. Qc2 $5 Nd7 10. Bd3 b6 11. O-O Bb7 12. Re1 Bd6 13. Be4 Bxe4 14. Rxe4
Nf6 15. Rh4 $5 Rc8 16. Bd2 h6 17. Re1 Nd5 18. Qe4 Nf6 19. Qb1 Nd5 20. Rg4 Kf8
$5 21. Rc1 Qc4 22. Re4 b5 23. Ne5 $1 {Adams takes the initiative.} Qa4 24. f4
Bxe5 $2 25. fxe5 $2 (25. Rxe5 $1 Rd8 26. f5 $1 exf5 27. c4 $1 bxc4 $2 28. Rxd5
$1 {wins for White.}) 25... Ke7 $5 26. Rf1 Rxc3 $6 27. Bxc3 Nxc3 28. Qc1 $1
Nxe4 $2 (28... Rc8 $1 29. Kh1 $1 Nxe4 $1 30. Qxc8 Nf2+ 31. Kg1 Nh3+ 32. gxh3
Qxd4+ 33. Rf2 Qd1+ 34. Kg2 Qd5+ 35. Kg3 Qxe5+ 36. Kf3 Qf6+ 37. Ke3 Qe5+ 38. Kd3
Qd5+ 39. Ke2 Qxa2+ 40. Ke3 Qb3+ 41. Kd2 Qb2+ 42. Qc2 Qd4+ 43. Ke2 f5 {
tries to escape.}) 29. Qc7+ Ke8 30. Qc8+ Ke7 31. Qb7+ $1 Ke8 $5 32. Qxe4 Qa5
33. Qc6+ {Adams scored well.} (33. Qc6+ Ke7 34. Qb7+ Ke8 35. Rc1 $1 {
decides the game.}) 1-0

[Event "Staunton Memorial 5"]
[Site "London"]
[Date "2007.08.11"]
[Round "5"]
[White "Jones, Gawain"]
[Black "Werle, Jan"]
[Result "0-1"]
[WhiteElo "2526"]
[BlackElo "2552"]
[Annotator "JvR"]
[PlyCount "98"]
[EventDate "2007.08.07"]
[SourceDate "1999.07.01"]

1. e4 c5 2. Nc3 Nc6 3. Bb5 Nd4 4. Bc4 e6 5. Nge2 Nf6 6. O-O a6 7. d3 b5 8. Bb3
Nxb3 9. axb3 Bb7 10. Bg5 d6 11. f4 h6 $5 ({Theory is} 11... Be7 $1) 12. Bh4 $5
g5 $5 13. Bg3 Bg7 14. Qd2 Nh5 15. f5 $5 ({Preferable is} 15. Bf2 $1 Nxf4 16.
Nxf4 gxf4 17. Qxf4) 15... Nxg3 16. Nxg3 h5 17. Qd1 $2 ({Better is} 17. Nge2 $1
h4 18. Rf2 h3 19. fxe6 fxe6 20. g3) 17... g4 $1 18. Nge2 Qg5 19. Qc1 Qxc1 20.
Raxc1 Ke7 {The two bishops give an edge to Black.} 21. Nf4 Rh6 22. Nd1 exf5 23.
exf5 Kd7 24. Nc3 $2 (24. c3 {prevents the next move.}) 24... Bd4+ $1 25. Kh1 h4
$1 26. Ncd5 h3 $1 27. g3 Bxb2 28. Rce1 Be5 $1 29. Kg1 Re8 30. c4 Bd4+ 31. Kh1
Re5 32. Re4 Rh8 33. Nf6+ Kc8 34. N4d5 Rxe4 35. Nxe4 Kd7 36. Ng5 Re8 $1 37. Nxf7
Re3 $1 38. Rd1 Rf3 39. Nh6 Bg7 40. Nxg4 Rxf5 41. Nge3 Rf3 42. Nb6+ Ke6 43. Ned5
Bd4 44. Nc7+ Kf5 45. Nbd5 Rf2 46. Ne8 Be5 47. Nec7 Rb2 48. Rf1+ Kg6 $1 49. b4
$5 bxc4 {Werle played enterprising chess.} 0-1

[Event "Staunton Memorial 5"]
[Site "London"]
[Date "2007.08.11"]
[Round "5"]
[White "Van Wely, Loek"]
[Black "Timman, Jan"]
[Result "1-0"]
[WhiteElo "2680"]
[BlackElo "2560"]
[Annotator "JvR"]
[PlyCount "113"]
[EventDate "2007.08.07"]
[SourceDate "1999.07.01"]

1. d4 Nf6 2. c4 e6 3. Nf3 b6 4. g3 Ba6 5. b3 Bb4+ 6. Bd2 Be7 7. Nc3 O-O 8. Rc1
d5 9. cxd5 exd5 10. Bg2 Bb7 11. O-O Na6 12. Bf4 Re8 13. Ne5 c5 14. Nb5 Ne4 $5
15. a4 Bf8 16. h4 $1 f6 17. Nd3 Qd7 18. Kh2 Rad8 $2 {
Black lifts the protection of pawn a7.} 19. Bh3 $1 (19. Nxa7 $2 c4 $1 {
(Van Wely)} 20. bxc4 dxc4 21. Nb2 Ba3 {favours Black.}) 19... Qf7 20. f3 $1 Nd6
21. Nxa7 {Now the capture is safe.} c4 $1 22. bxc4 dxc4 23. Nb2 Nb4 24. Bxd6
Bxd6 25. Nxc4 $2 ({Correct is} 25. e4 $1) 25... Bb8 $1 26. Nb5 Na2 27. Rc2 Nb4
28. Rc1 Na2 29. Rc2 Nb4 30. e4 $1 {White has to make a positional sacrifice.}
Nxc2 31. Qxc2 Bc8 32. Qd3 Bxh3 33. Kxh3 f5 $5 34. exf5 Rd5 35. Ne3 Rd7 36. Nc4
g6 37. fxg6 Qe6+ 38. Kg2 hxg6 39. f4 $5 Rc8 40. Ne5 Bxe5 41. fxe5 Qxe5 $1 42.
Qxg6+ Rg7 43. dxe5 Rxg6 44. Re1 $1 {He has an advantage.} Re8 $2 (44... Rd8 $1
45. Nd6 Re6 {defends properly.}) 45. Re4 Rc6 46. Nd6 Rf8 47. Kh3 Kh7 48. h5 Kh6
49. Kg4 Rg8+ 50. Kh4 Rc1 51. Nf7+ Kg7 52. Ng5 Rh1+ 53. Nh3 Kf7 54. g4 Ke7 55.
h6 Kf7 56. g5 Kg6 57. Kg4 {Van Wely played a fine tournament.} 1-0

[Event "Staunton Memorial 5"]
[Site "London"]
[Date "2007.08.13"]
[Round "7"]
[White "Adams, Michael"]
[Black "Jones, Gawain"]
[Result "1-0"]
[WhiteElo "2724"]
[BlackElo "2526"]
[Annotator "JvR"]
[PlyCount "79"]
[EventDate "2007.08.07"]
[SourceDate "1999.07.01"]

1. e4 c5 2. c3 d5 3. exd5 Qxd5 4. d4 Nf6 5. Nf3 g6 6. Qb3 e6 $5 ({
A spicy alternative is} 6... cxd4 7. Bc4 Qe4+ 8. Kf1 e6) 7. Bc4 $1 Qd6 8. Na3
a6 9. dxc5 Qxc5 10. Be3 Qe7 $5 11. O-O-O Nc6 12. Qb6 Nd7 13. Qc7 Nde5 $2 ({
Better is} 13... Nf6 $1 14. Qf4 Bg7 15. Bb6 O-O {(Adams).}) 14. Qxe7+ Bxe7 15.
Nxe5 Nxe5 16. Bd4 Bf6 17. Be2 $1 Nd7 18. Nc4 Bxd4 19. Rxd4 Ke7 {
Black has a crammed position.} 20. Rhd1 $1 Ra7 $5 21. a4 a5 22. Kb1 f6 23. Bf3
f5 $6 ({Preferable is} 23... e5 $1 24. Rd5 b6) 24. Nd6 Ne5 25. Be2 b6 26. f4
Nf7 27. Nxf7 Kxf7 28. Rd6 Bb7 29. g3 Be4+ 30. Bd3 Bxd3+ 31. R1xd3 Rc8 $2 {
He gives a pawn in despair.} (31... Rb8 $1 32. Re3 Re7 33. Re5 Kf6 34. h4 h6
35. Rb5 $1 Reb7 36. Rc6 $1 Kf7 37. Kc2 {(Adams)} Kf6 38. b4 axb4 39. cxb4 Kf7 {
tries to survive by a passive defence.}) 32. Rxb6 h6 33. Rdd6 Re7 34. Rb5 Ra8
35. Ka2 g5 36. Ka3 gxf4 37. gxf4 Rc7 38. Re5 Rb7 $5 39. Rexe6 Rab8 40. Re2 {
Adams fought for the lead.} 1-0

[Event "Staunton Memorial 5"]
[Site "London"]
[Date "2007.08.13"]
[Round "7"]
[White "Timman, Jan"]
[Black "Smeets, Jan"]
[Result "0-1"]
[WhiteElo "2560"]
[BlackElo "2538"]
[Annotator "JvR"]
[PlyCount "88"]
[EventDate "2007.08.07"]
[SourceDate "1999.07.01"]

1. d4 d5 2. c4 c6 3. Nf3 Nf6 4. Nc3 e6 5. e3 Nbd7 6. Bd3 dxc4 7. Bxc4 b5 8. Bd3
Bb7 9. O-O a6 10. a4 b4 11. Ne4 c5 12. Nxf6+ Nxf6 13. dxc5 Nd7 14. c6 Bxc6 15.
Nd4 $5 (15. Qe2 Nc5 16. Rd1 {drew in Sokolov - Smeets (round 5).}) 15... Bb7
16. Be2 Be7 17. Bf3 Qc7 18. Bd2 Ne5 19. Bxb7 Qxb7 20. Qh5 Bf6 $1 21. Rfd1 O-O
22. Be1 Rfd8 23. Qe2 Rac8 24. b3 Nd7 25. Rac1 Rxc1 26. Rxc1 Bxd4 27. exd4 Nf6
28. Qc4 Nd5 29. Qc6 Qxc6 30. Rxc6 Kf8 $5 {Smeets tries to win.} 31. a5 (31.
Rxa6 $6 Rc8 32. Kf1 Rc1 {favours Black.}) 31... Ke7 32. Rxa6 Rc8 $1 33. Bd2 Kf6
$1 34. Kf1 $1 Rc2 35. Ke2 Rb2 36. Kd3 Rxb3+ 37. Kc2 Ra3 38. Bc1 $6 (38. Kb2 $1
Rd3 39. Bc1 {draws.}) 38... Rc3+ 39. Kd2 $4 ({Right is} 39. Kb2 Rc7 40. Ra8)
39... b3 $1 40. Kd1 Rd3+ 41. Ke2 Rc3 42. Kd1 Rc2 $1 43. Bd2 Rxd2+ 44. Kxd2 b2 {
Black wins the rook. Timman played a poor tournament.} 0-1

[Event "Staunton Memorial 5"]
[Site "London"]
[Date "2007.08.15"]
[Round "8"]
[White "L'Ami, Erwin"]
[Black "Sokolov, Ivan"]
[Result "0-1"]
[WhiteElo "2598"]
[BlackElo "2666"]
[Annotator "JvR"]
[PlyCount "50"]
[EventDate "2007.08.07"]
[SourceDate "1999.07.01"]

1. d4 d5 2. c4 c6 3. Nc3 Nf6 4. e3 a6 5. Nf3 b5 6. b3 Bg4 7. h3 Bxf3 8. gxf3
Nbd7 9. f4 e6 10. c5 h6 $5 11. h4 h5 12. Bd3 Be7 13. Qf3 g6 14. Qh3 Ng4 15. Ne2
Nh6 16. Ng1 $2 (16. Bd2 Nf5 17. O-O-O) 16... Bxc5 $1 {
Sokolov delivers a surprising sacrifice.} 17. Nf3 ({The pointe is} 17. dxc5 Qf6
$1 18. Rb1 Qc3+ 19. Ke2 Nxc5 {and Black wins.}) 17... Bb4+ 18. Ke2 Bc3 19. Rb1
Nf5 20. Bxf5 exf5 21. Bd2 $2 (21. Bb2 $1 Bxb2 22. Rxb2 c5 23. dxc5 Nxc5 24. Rc1
$1 Ne4 25. Nd4 {achieves positional compensation.}) 21... Bxd2 22. Nxd2 c5 23.
Nf3 (23. dxc5 Nxc5 24. Rhc1 Rc8 $1 {also wins for Black.}) 23... Rc8 24. Rhd1
c4 25. Ne5 Nf6 {Sokolov scored well after a poor start.} 0-1

[Event "Staunton Memorial 5"]
[Site "London"]
[Date "2007.08.16"]
[Round "9"]
[White "Adams, Michael"]
[Black "Werle, Jan"]
[Result "1-0"]
[WhiteElo "2724"]
[BlackElo "2552"]
[Annotator "JvR"]
[PlyCount "73"]
[EventDate "2007.08.07"]
[SourceDate "1999.07.01"]

1. e4 c5 2. Nf3 e6 3. d4 cxd4 4. Nxd4 Nc6 5. Nc3 a6 6. Nxc6 bxc6 7. Bd3 d5 8.
O-O Nf6 9. Re1 Be7 10. e5 Nd7 11. Qg4 g6 12. Bh6 c5 13. b3 Bb7 14. Na4 Qc7 15.
Qf4 Bf8 16. Bxf8 Kxf8 $5 (16... Rxf8 {drew in Adams - Mamedyarov, Sofia 2007.})
17. c4 d4 18. Qh6+ $1 {Adams takes the initiative.} Kg8 19. Be4 Rb8 20. Nb2 Qd8
21. Nd3 Qf8 22. Qd2 Bxe4 23. Rxe4 Kg7 24. h4 h5 $6 ({Preferable is} 24... Qe7
$5 25. h5 Rhd8 26. h6+ Kg8) 25. b4 $1 cxb4 26. Rxd4 Qe7 27. Rd6 Rhc8 28. Qe3 $1
Rb7 (28... Rxc4 $2 29. Qa7 Rd8 30. Rd1 {wins for White (Adams).}) 29. Qd4 Nb8
30. c5 a5 31. Rd1 Nc6 32. Qe4 Na7 $2 {Werle allows a 'petite combinaison'.} ({
Better is} 32... Rbc7 $1) 33. Nf4 $1 Rxc5 $6 (33... Rbc7 $5 34. R1d3 Nb5 35.
Rxe6 $1 fxe6 36. Qxg6+ Kh8 37. Rg3 Qg7 38. Qxe6 Rc6 39. Rxg7 Rxe6 40. Nxe6 Re8
41. Rb7 {wins for White.}) 34. Rxe6 $1 fxe6 35. Qxg6+ Kh8 36. Qh6+ Kg8 37. Ng6
$1 {Adams and Van Wely joined the lead by 7/9.} 1-0

[Event "Staunton Memorial 5"]
[Site "London"]
[Date "2007.08.17"]
[Round "10"]
[White "Jones, Gawain"]
[Black "Van Wely, Loek"]
[Result "1-0"]
[WhiteElo "2526"]
[BlackElo "2680"]
[Annotator "JvR"]
[PlyCount "49"]
[EventDate "2007.08.07"]
[SourceDate "1999.07.01"]

1. e4 c5 2. Nc3 Nc6 3. f4 g6 4. Nf3 Bg7 5. Bb5 Nd4 6. O-O a6 7. Bd3 b5 8. Nxd4
Bxd4+ 9. Kh1 Bb7 10. e5 $1 {Jones delivers a fine novelty.} Ra7 11. Be4 Bxc3
12. Bxb7 Bxb2 $1 13. Bxb2 Rxb7 14. f5 Nh6 15. Qf3 Qb6 $2 (15... Qc7 $1 16. e6
f6 17. fxg6 hxg6 18. Bxf6 $1 exf6 19. Qxf6 Qxh2+ $1 20. Kxh2 Ng4+ 21. Kg3 Nxf6
22. Rxf6 Ke7 23. Rxg6 Rb6 24. Rg7+ Kf6 25. Rxd7 Rg8+ 26. Kf2 Kxe6 {
defends properly.}) 16. e6 $1 f6 17. fxg6 hxg6 18. Bxf6 $1 exf6 $6 (18... Rf8
$5 19. Qg3 $1 Rxf6 20. Rxf6 exf6 21. Qxg6+ Ke7 22. exd7 Rxd7 23. Re1+ Kd8 24.
Qxh6 {gains a pawn.}) 19. Qxf6 Rg8 20. Rae1 d5 21. Qg5 $1 Re7 22. Qxh6 Qa5 23.
Rf6 Qxa2 24. Rxg6 Rf8 25. Qxf8+ $1 {Adams took the sole lead. Van Wely played
a quiet draw against Speelman in the last round. The final standings became:
Adams 81/2/11, Sokolov and Van Wely 71/2, Jones, Smeets and Werle 61/2, L'Ami
and Timman 5, Wells 4, Speelman 31/2, McNab 3, Houska 21/2. The Dutchmen
scored more points again.} 1-0

[Event "Staunton Memorial 6"]
[Site "London"]
[Date "2008.08.07"]
[Round "1"]
[White "Smeets, Jan"]
[Black "Adams, Michael"]
[Result "0-1"]
[WhiteElo "2593"]
[BlackElo "2735"]
[Annotator "JvR"]
[PlyCount "56"]
[EventDate "2008.08.07"]
[SourceDate "1999.07.01"]

{The sixth Staunton Memorial happened in Simpson's-in-the-Strand from 7 until
18 viii 2008. Again British and Dutch players battled in London.} 1. e4 e5 2.
Nf3 Nc6 3. d4 exd4 4. Nxd4 Nf6 5. Nxc6 bxc6 6. e5 Qe7 7. Qe2 Nd5 8. c4 Ba6 9.
b3 O-O-O 10. Bb2 Qg5 11. Qf3 $5 {
Smeets makes a risky choice in the Scotch Game.} (11. Qe4 $6 Bb4+ 12. Kd1 {
favoured Black in Blackburne - Zukertort, London 1881.}) 11... Bb4+ 12. Kd1 Nf4
$1 {Adams takes the initiative.} 13. h4 Qh6 14. g3 $1 (14. Bc1 $6 d6 15. e6 $2
Qf6 $1 {wins for Black (Adams).}) 14... Ne6 15. Bc1 Qg6 16. h5 Qc2+ $1 {
An elegant exchange is made.} 17. Kxc2 Nd4+ 18. Kd3 $2 {
The white king will fail as an attacker.} ({Better is} 18. Kb2 $1 Nxf3 19. Be2
$1 Nd4 $1 20. Bg4 {and White has an edge.}) 18... Nxf3 19. Ke4 Nxe5 $1 20. h6
$5 ({Or} 20. Kxe5 Be7 $1) 20... Ng4 $1 21. hxg7 Rhg8 22. Kf5 $2 {
The king commits suicide.} (22. Kf3 $5 Rxg7 23. Bb2 {delivers more resistance.}
) 22... Rxg7 23. f3 Nf2 $1 24. Rh2 Bc5 25. Bh6 Rg6 26. Nd2 Bd4 27. Bg5 Re8 28.
Rxf2 Re5+ {Adams made a brilliant start.} 0-1

[Event "Staunton Memorial 6"]
[Site "London"]
[Date "2008.08.07"]
[Round "1"]
[White "Van Wely, Loek"]
[Black "Speelman, Jonathan"]
[Result "1-0"]
[WhiteElo "2644"]
[BlackElo "2524"]
[Annotator "JvR"]
[PlyCount "117"]
[EventDate "2008.08.07"]
[SourceDate "1999.07.01"]

1. d4 Nf6 2. c4 e6 3. Nf3 d5 4. Nc3 Nbd7 5. cxd5 exd5 6. Bg5 c6 7. e3 Be7 8.
Qc2 Nh5 9. Bxe7 Qxe7 10. O-O-O g6 11. Bd3 Ndf6 12. Nd2 $5 ({An alternative is} 
12. h3 Ng7 13. g4 Be6) 12... Be6 13. Nb3 Nd7 $5 14. f3 Ng7 $5 {
Speelman defends passively.} 15. Rhe1 O-O 16. Kb1 Rfc8 17. e4 $1 {
Van Wely takes the initiative in the centre.} a5 18. Nc1 Nb6 19. Qf2 a4 20. a3
Ra5 $5 21. h3 dxe4 $2 ({Preferable is} 21... Nh5) 22. fxe4 Bb3 23. d5 $1 {
White attacks knight b6.} Qc5 24. Qxc5 Rxc5 25. Nxb3 axb3 {
Pawn b3 becomes a weaking.} 26. Be2 Ra8 27. dxc6 bxc6 28. Rd4 Ne6 29. Rb4 Nd7
30. Rxb3 {Loek has gained the weak pawn.} Rg5 31. Bf1 Rg3 32. Ka2 Nec5 33. Rb4
Ne5 {Black has a positional compensation.} 34. Rd1 h5 35. Rd2 Kf8 36. Rc2 Ne6
37. Ne2 Re3 $5 38. Nd4 $1 Nxd4 39. Rxd4 Re8 $5 40. a4 $1 Ra8 41. b3 h4 42. Rb4
Ra7 43. Rc1 Ke7 44. Kb2 Kd6 45. Rd4+ Ke7 46. Kc2 f6 47. Ra1 c5 48. Rd5 Nc6 49.
Kb2 Nd4 50. Ra3 Re1 51. Bc4 Rg1 $2 (51... Ra5 $1 {
continues the restraint of the queenside.}) 52. Rxc5 Rxg2+ 53. Kc3 Ne6 $5 (
53... Nf3 54. Rc6 Ng5 {prolongs the game.}) 54. Bxe6 Kxe6 55. b4 $1 Rd7 $5 56.
Kc4 Re2 57. Rc6+ Ke5 58. a5 $1 Rxe4+ 59. Kb5 $1 {
The pawns on the queenside decide the game.} 1-0

[Event "Staunton Memorial 6"]
[Site "London"]
[Date "2008.08.08"]
[Round "2"]
[White "Adams, Michael"]
[Black "Werle, Jan"]
[Result "1-0"]
[WhiteElo "2735"]
[BlackElo "2591"]
[Annotator "JvR"]
[PlyCount "79"]
[EventDate "2008.08.07"]
[SourceDate "1999.07.01"]

1. e4 e5 2. Nf3 Nc6 3. Bb5 a6 4. Ba4 Nf6 5. O-O Be7 6. Re1 b5 7. Bb3 d6 8. c3
O-O 9. h3 Na5 10. Bc2 c5 11. d4 Qc7 12. Nbd2 cxd4 13. cxd4 Nc6 14. Nb3 a5 15.
Be3 a4 16. Nbd2 Bd7 17. Rc1 Qb7 18. Qe2 Rfe8 19. Bd3 Rab8 20. dxe5 Nxe5 21.
Nxe5 dxe5 22. Bc5 Bc6 23. Nf3 Nd7 24. Bxe7 Rxe7 25. Rc3 Nf8 26. Rec1 Be8 {
Many moves are known in the Closed Ruy Lopez.} 27. b3 $5 (27. b4 f6 28. a3 {
will draw in Alekseev - Akopian, Jermuk 2009.}) 27... Ne6 28. g3 axb3 29. Rxb3
Nd4 $6 ({Preferable is} 29... Qa6 30. Kg2 Qa5) 30. Nxd4 exd4 31. Rb4 Qd7 32.
Kh2 $5 Qd6 33. Qb2 Rd8 34. Rd1 $1 Qe5 $6 ({Better is} 34... Qf6 35. f4 h5) 35.
Bxb5 $1 Qxe4 36. Rbxd4 $1 Rxd4 37. Rxd4 Qb7 38. Qb4 h5 $2 39. Rd8 $1 Re2 40.
Qc5 $1 {Adams scored his second win.} (40. Qc5 Rxf2+ 41. Qxf2 Qxb5 42. h4 {
gains an exchange.}) 1-0

[Event "Staunton Memorial 6"]
[Site "London"]
[Date "2008.08.10"]
[Round "4"]
[White "Adams, Michael"]
[Black "Timman, Jan"]
[Result "1-0"]
[WhiteElo "2735"]
[BlackElo "2562"]
[Annotator "JvR"]
[PlyCount "98"]
[EventDate "2008.08.07"]
[SourceDate "1999.07.01"]

{Adams and Timman had scored 21/2/3.} 1. e4 e5 2. Nf3 Nc6 3. Bb5 a6 4. Ba4 Nf6
5. O-O Nxe4 6. d4 b5 7. Bb3 d5 8. dxe5 Be6 9. Be3 Be7 10. c3 Nc5 11. Bc2 Nd7
12. Re1 Ndxe5 13. Nxe5 Nxe5 14. Bd4 f6 15. a4 b4 16. f4 $5 (16. cxb4 Bf7 17.
Nc3 {drew in Svidler - Carlsen, Monte Carlo 2007.}) 16... Bg4 17. Qd2 Nc6 18.
Bf2 Bh5 $6 ({Better is} 18... Qd6 19. Bb3 O-O-O) 19. c4 $1 b3 ({The pointe is} 
19... dxc4 $2 20. Be4 $1 Qxd2 21. Nxd2 O-O-O 22. Nf3 {(Adams).}) 20. Bxb3 d4
21. c5 $1 Bf7 22. Bxf7+ Kxf7 23. Qd3 {
White has regained the pawn and achieved a positional plus.} Qd7 $2 (23... Re8
24. Qc4+ Kf8 {defends properly.}) 24. Qc4+ Kf8 {The king blocks a rook.} 25. b4
a5 26. b5 Nb4 27. Nd2 Qd5 28. Qxd5 Nxd5 29. Nb3 $5 Kf7 $5 30. Rad1 $1 {
He attacks in the centre.} Nb4 (30... Nxf4 31. Rxd4 Ng6 32. Rd7 $1 {
also wins for White.}) 31. Bxd4 Rhd8 32. Rd2 Rd5 33. Red1 c6 34. b6 Na6 35. Be3
Nb4 36. Rxd5 Nxd5 37. Bd2 Ke6 38. Kf2 Kd7 39. Kf3 f5 40. Rc1 Bf6 41. Ke2 Bb2
42. Rc4 Ba3 43. Nxa5 Bb2 44. Kd3 Bf6 45. g3 Re8 46. Rc1 Ra8 47. Rb1 Be7 48. Kc4
Bf6 49. Re1 Rb8 {Adams became the sole leader.} 1-0

[Event "Staunton Memorial 6"]
[Site "London"]
[Date "2008.08.11"]
[Round "5"]
[White "Werle, Jan"]
[Black "Van Wely, Loek"]
[Result "0-1"]
[WhiteElo "2591"]
[BlackElo "2644"]
[Annotator "JvR"]
[PlyCount "68"]
[EventDate "2008.08.07"]
[SourceDate "1999.07.01"]

1. d4 Nf6 2. c4 e6 3. Nf3 d5 4. Nc3 c6 5. Bg5 h6 6. Bh4 dxc4 7. e4 g5 8. Bg3 b5
9. Be2 Bb7 10. h4 g4 11. Ne5 Nbd7 12. Nxd7 Qxd7 13. Be5 Qe7 14. b3 cxb3 15.
axb3 Bg7 $5 ({The solid alternative is} 15... a6 16. O-O h5) 16. O-O O-O 17.
Bxg4 {White regains the pawn.} c5 $5 18. Nxb5 Rfd8 $1 19. Bf3 cxd4 20. Nd6 $6 (
{Preferable is} 20. Rc1 $1) 20... Ng4 $5 21. Bxg4 $6 ({Better is} 21. Bf4 Ne5
22. Nxb7 Qxb7 23. Ra5) 21... Bxe5 22. Nxb7 Qxb7 23. f4 Bg7 24. Qd3 Rac8 25.
Rac1 Qe7 26. Rc4 $6 (26. Rxc8 Rxc8 27. e5 Qxh4 28. Bh3 Bf8 29. Kh2 Rd8 30. g3 {
offers more resistance.}) 26... Qxh4 27. Bh3 Rxc4 28. bxc4 e5 29. c5 exf4 30.
c6 Be5 31. Rc1 Bc7 32. Bd7 Rb8 33. e5 Rb2 $1 34. Qe4 d3 {
Van Wely kept chasing Adams.} 0-1

[Event "Staunton Memorial 6"]
[Site "London"]
[Date "2008.08.16"]
[Round "9"]
[White "Adams, Michael"]
[Black "Speelman, Jonathan"]
[Result "1-0"]
[WhiteElo "2735"]
[BlackElo "2524"]
[Annotator "JvR"]
[PlyCount "80"]
[EventDate "2008.08.07"]
[SourceDate "1999.07.01"]

1. e4 c6 2. d4 d5 3. exd5 cxd5 4. c4 Nf6 5. Nc3 Nc6 6. Bg5 e6 7. Nf3 Be7 8. c5
Ne4 9. Bxe7 Qxe7 10. Qd3 Nxc3 11. Qxc3 O-O 12. Be2 $5 ({Theory is} 12. Bb5)
12... b6 $2 ({Better is} 12... f6 $1 13. Rd1 Rd8 14. O-O e5) 13. b4 $5 e5 $5
14. Nxe5 Nxe5 $6 (14... Re8 $5 15. O-O Nxe5 16. dxe5 bxc5 17. bxc5 Qxe5 {
defends properly.}) 15. dxe5 a5 $5 16. Qd4 $1 {Adams protects the extra pawn.}
axb4 17. cxb6 $1 Re8 18. O-O Qxe5 19. Qxb4 $1 Bb7 ({The pointe is} 19... Qxe2
$2 20. Rae1 $1) 20. Bf3 Qe7 21. Qd4 Qa3 22. h3 Ra4 23. Qd2 Qd6 24. Rfb1 h6 25.
Rb5 Bc6 26. Rb2 Qf6 27. Rab1 Rd4 28. Qc1 Bb7 29. Rc2 Rf4 30. Rb3 Rc4 31. Rb1
Rf4 32. Qd1 Rd4 33. Rd2 Rxd2 34. Qxd2 Re6 35. Qb4 Qg6 36. a4 Rf6 37. Rb3 Qg5
38. a5 Rf4 39. Qd2 Qf6 40. Re3 d4 {Speelman lost on time.} 1-0

[Event "Staunton Memorial 6"]
[Site "London"]
[Date "2008.08.16"]
[Round "9"]
[White "Cherniaev, Alexander"]
[Black "Sokolov, Ivan"]
[Result "0-1"]
[WhiteElo "2431"]
[BlackElo "2658"]
[Annotator "JvR"]
[PlyCount "78"]
[EventDate "2008.08.07"]
[SourceDate "1999.07.01"]

1. e4 e5 2. Bc4 Nf6 3. Nc3 Bc5 4. d3 c6 5. Qf3 d6 6. h3 b5 7. Bb3 a5 8. a4 b4
9. Nb1 $5 ({Known is} 9. Nd1) 9... Be6 10. Nd2 Nbd7 11. Ne2 d5 $1 {
Sokolov seizes the initiative.} 12. g4 $6 {White weakens his position.} h6 13.
Ng3 g6 14. Ndf1 Bd4 15. Ne2 Nc5 16. Nfg3 $6 ({Correct is} 16. Nd2) 16... Nxb3
17. cxb3 Bc5 $1 {Black has a substantial positional advantage.} 18. Bd2 Be7 19.
O-O-O Qb6 $5 20. Kb1 O-O-O 21. Nc1 Nd7 $6 22. Be3 $6 (22. Nf5 $1 gxf5 23. gxf5
{improves the white game.}) 22... d4 $1 23. Bd2 Nc5 24. Kc2 Bh4 25. Rdg1 Qc7
26. Qd1 f6 27. Kb1 Kb7 28. Rg2 Qf7 29. f4 (29. Ka2 Nxa4 $1 {also costs a pawn.}
) 29... Bxb3 30. Nxb3 Qxb3 31. Qxb3 Nxb3 32. Kc2 Nxd2 33. Kxd2 exf4 34. Nf1 f3
35. Rgh2 h5 36. Kc2 Rde8 37. Kb3 f5 38. gxf5 gxf5 39. exf5 Rhf8 {
Sokolov carried out an attack successfully.} 0-1

[Event "Staunton Memorial 6"]
[Site "London"]
[Date "2008.08.16"]
[Round "9"]
[White "Timman, Jan"]
[Black "Werle, Jan"]
[Result "1-0"]
[WhiteElo "2562"]
[BlackElo "2591"]
[Annotator "JvR"]
[PlyCount "69"]
[EventDate "2008.08.07"]
[SourceDate "1999.07.01"]

1. e4 e5 2. Nf3 Nf6 3. Nxe5 d6 4. Nf3 Nxe4 5. d4 d5 6. Bd3 Bd6 7. O-O O-O 8.
Re1 Bg4 9. Bxe4 dxe4 10. Rxe4 f5 11. Re1 Nc6 12. c3 Qf6 13. Qb3+ Kh8 14. Qe6
Qxe6 15. Rxe6 Rae8 $5 ({Known is} 15... Bxf3 16. gxf3 Rae8) 16. Rxe8 Rxe8 17.
Nbd2 {White has an extra pawn, but the chances are almost equal.} b5 $2 {
Black weakens his queenside.} ({Preferable is} 17... h6 $5 18. b3 Kh7) 18. Kf1
Ne7 $5 19. a4 $1 b4 20. h3 Bh5 21. Nc4 $1 {
He develops the queen's knight at last.} bxc3 22. bxc3 Bf7 23. Nfe5 Bg8 24. Ba3
Bxe5 25. Nxe5 Nd5 26. Re1 $1 {
He has completed the development and threatens 27.Ng6+.} Ra8 27. c4 $1 Nb6 28.
d5 $1 Nxa4 29. Nc6 Nb6 30. Na5 $1 Rd8 31. Bc5 a6 32. Nc6 Rc8 33. Re7 $1 Nxc4
34. Bd4 $1 Bxd5 35. Rxg7 {Adams led by 7/9, one point ahead of Van Wely.} 1-0

[Event "Staunton Memorial 6"]
[Site "London"]
[Date "2008.08.17"]
[Round "10"]
[White "Smeets, Jan"]
[Black "Short, Nigel"]
[Result "1-0"]
[WhiteElo "2593"]
[BlackElo "2655"]
[Annotator "JvR"]
[PlyCount "69"]
[EventDate "2008.08.07"]
[SourceDate "1999.07.01"]

1. e4 e5 2. Nf3 Nc6 3. Bb5 a6 4. Ba4 Nf6 5. O-O Be7 6. Re1 b5 7. Bb3 d6 8. c3
O-O 9. h3 Na5 10. Bc2 c5 11. d4 Nd7 12. Nbd2 exd4 13. cxd4 Re8 14. dxc5 dxc5
15. e5 $1 {Smeets takes the initiative.} Nf8 16. Qe2 Bb7 17. Ne4 Ne6 18. h4 $5
Qc7 ({The pointe is} 18... Bxh4 $2 19. Nd6 Rf8 20. Nxb7 Nxb7 21. Qe4 {(Smeets).
}) 19. Neg5 Bxg5 20. Nxg5 Nxg5 $2 (20... g6 $1 21. Nxe6 Rxe6 {defends properly.
}) 21. Bxg5 h6 22. Qd3 $1 hxg5 23. Qh7+ Kf8 24. Qh8+ Ke7 25. Qxg7 {
White has a strong attack for the knight.} Rg8 $5 26. Qf6+ Kf8 27. e6 $1 Nc6 $5
(27... Qe7 28. Qh6+ Rg7 29. Rad1 $1 Bc6 30. exf7 Qxf7 31. Re5 Kg8 32. Bf5 $1 {
wins for White.}) 28. hxg5 $5 Rd8 ({Or} 28... Rg7 29. Rad1 $1 Rd8 30. g6 Rxd1
31. Rxd1 Qe7 32. Qxe7+ Kxe7 33. exf7) 29. Qh6+ Rg7 30. g6 $1 fxg6 31. Qh8+ Rg8
32. Qf6+ Ke8 33. Bxg6+ Rxg6 34. Qxg6+ Kf8 35. Re3 {
Smeets punished Short in a tactical game.} 1-0